Modern Introduction to Ethics. (Record no. 735)
[ view plain ]
| 000 -LEADER | |
|---|---|
| fixed length control field | 00568nam a2200241 a 4500 |
| 020 ## - INTERNATIONAL STANDARD BOOK NUMBER | |
| ISBN | |
| 082 00 - DEWEY DECIMAL CLASSIFICATION NUMBER | |
| Classification number | 170 |
| Author Cutter | GAR |
| 100 ## - MAIN ENTRY--AUTHOR NAME | |
| Author name | Garvin, Lucius |
| 245 ## - TITLE STATEMENT | |
| Title | Modern Introduction to Ethics. |
| 260 ## - PUBLICATION, DISTRIBUTION, ETC. (IMPRINT) | |
| Place of publication | Cambridge |
| Name of publisher | Houghton Mifflin Company |
| Year of publication | 1953 |
| 300 ## - PHYSICAL DESCRIPTION | |
| Number of Pages | 572p |
| 500 ## - GENERAL NOTE | |
| General note | includes index and biblioraphy |
| 505 2# - FORMATTED CONTENTS NOTE | |
| Formatted contents note | Index |
| 650 ## - SUBJECT ADDED ENTRY--TOPICAL TERM | |
| Topical Term | Ethics |
| 942 ## - ADDED ENTRY ELEMENTS (KOHA) | |
| Koha item type | Books |
| 700 1# - | |
| -- | Garvin, Lucius |
| Home library | Current library | Date acquired | Cost, normal purchase price | Full call number | Accession Number | Koha item type |
|---|---|---|---|---|---|---|
| Henry Martyn Institute Library | Henry Martyn Institute Library | 05/24/2005 | 0.00 | 170 GAR | 02211 | E-Books |
